[Event "Teteven op 30th"]
[Site "Teteven"]
[Date "2015.08.15"]
[Round "8"]
[White "Ivanov, Bogidar"]
[Black "Ifrim, Silviu"]
[Result "1/2-1/2"]
[WhiteElo "2226"]
[BlackElo "2100"]
[PlyCount "166"]
[EventDate "2015.08.10"]
[EventType "swiss"]
[EventRounds "9"]
[EventCountry "BUL"]
[SourceTitle "CBM 167 Extra"]
[Source "ChessBase"]
[SourceDate "2015.09.14"]
[SourceVersion "1"]
[SourceVersionDate "2015.09.14"]
[SourceQuality "1"]

1. e4 c5 2. Nf3 e6 3. c3 Nc6 4. Be2 d5 5. exd5 Qxd5 6. d4 Nf6 7. Be3 cxd4 8. cxd4 Bb4+ 9. Nc3 Ne4 10. Qc2 Qa5 11. Rc1 Nxc3 12. bxc3 Be7 13. Bd3 h6 14. 0-0 Bd7 15. Rb1 Qc7 16. Qb2 b6 17. c4 0-0 18. Qd2 f5 19. Bf4 Qd8 20. d5 Na5 21. Rfe1 exd5 22. cxd5 Bf6 23. Ba6 Re8 24. Be5 Qe7 25. Bc7 Qc5 26. Rec1 Qa3 27. d6 Kh8 28. Bb5 Bxb5 29. Rxb5 Re2 30. Qxe2 Qxc1+ 31. Qf1 Qc2 32. Qb1 Qxb1+ 33. Rxb1 Nb7 34. Re1 Kg8 35. Ne5 Re8 36. f4 Nc5 37. Kf1 Bxe5 38. fxe5 Kf7 39. Re3 Nd7 40. Ra3 a5 41. Rb3 Rxe5 42. Bxb6 a4 43. Rb4 Re4 44. Bd4 Ke6 45. Rxa4 Nc5 46. d7 Nxd7 47. Ra6+ Kf7 48. Bc3 Rc4 49. Be1 Ne5 50. a4 Rc2 51. h3 Nd3 52. Ra7+ Kf6 53. Ba5 g5 54. Rc7 Rf2+ 55. Kg1 Ra2 56. Bc3+ Ke6 57. a5 Nf4 58. Kf1 Nd5 59. Rc8 Nxc3 60. Rxc3 Kd5 61. Rd3+ Ke5 62. Rb3 Rxa5 63. Rb6 h5 64. Rb4 h4 65. Kf2 Rd5 66. Kf3 Rd3+ 67. Kf2 Rd4 68. Rb3 g4 69. hxg4 fxg4 70. Ke3 Re4+ 71. Kf2 Kf4 72. g3+ hxg3+ 73. Kf1 Re3 74. Rb8 g2+ 75. Kxg2 Re2+ 76. Kf1 Ra2 77. Kg1 Kg3 78. Rb3+ Kh4 79. Rb8 Kh3 80. Rb3+ g3 81. Rb1 Rg2+ 82. Kh1 Rf2 83. Kg1 Rg2+ 1/2-1/2

[Event "Teteven op 30th"]
[Site "Teteven"]
[Date "2015.08.11"]
[Round "2"]
[White "Ifrim, Silviu"]
[Black "Stoyanov, Stefan"]
[Result "1-0"]
[WhiteElo "2100"]
[BlackElo "1782"]
[PlyCount "93"]
[EventDate "2015.08.10"]
[EventType "swiss"]
[EventRounds "9"]
[EventCountry "BUL"]
[SourceTitle "CBM 167 Extra"]
[Source "ChessBase"]
[SourceDate "2015.09.14"]
[SourceVersion "1"]
[SourceVersionDate "2015.09.14"]
[SourceQuality "1"]

1. e4 e5 2. Nf3 Nc6 3. Bb5 Nf6 4. 0-0 Nxe4 5. Re1 Nd6 6. Nxe5 Be7 7. Nxc6 dxc6 8. Bf1 0-0 9. d4 Bf5 10. Bf4 Re8 11. Nd2 Qd7 12. c3 Bf8 13. Qf3 b6 14. h3 h6 15. Qg3 Bg6 16. Bd3 Bxd3 17. Qxd3 Re6 18. Rxe6 Qxe6 19. Qf3 Qd5 20. Qg4 f5 21. Qg3 Qe6 22. Be5 g6 23. b3 Bg7 24. Re1 Bxe5 25. Rxe5 Qf7 26. Qf3 Qd7 27. Qe3 Re8 28. Qxh6 Re6 29. Qe3 Kf7 30. Nf3 Ne4 31. Qh6 Qd6 32. Qh7+ Kf6 33. Nh4 Rxe5 34. Qxg6+ Ke7 35. Qg7+ Ke6 36. Qg8+ Kf6 37. dxe5+ Kxe5 38. Qg7+ Nf6 39. Qg3+ f4 40. Qg5+ Ke6 41. Qf5+ Kf7 42. Nf3 Qd1+ 43. Kh2 Qe2 44. Ne5+ Ke7 45. Nxc6+ Kf7 46. Ne5+ Ke7 47. Qxf4 1-0

[Event "ROM-chT2"]
[Site "Calimanesti"]
[Date "2014.11.14"]
[Round "7.5"]
[White "Neagu, Liviu"]
[Black "Ifrim, Silviu"]
[Result "1-0"]
[WhiteElo "2094"]
[BlackElo "2128"]
[PlyCount "53"]
[EventDate "2014.11.08"]
[EventType "team-tourn"]
[EventRounds "9"]
[EventCountry "ROU"]
[SourceTitle "CBM 163 Extra"]
[Source "ChessBase"]
[SourceDate "2014.12.23"]
[SourceVersion "1"]
[SourceVersionDate "2014.12.23"]
[SourceQuality "1"]
[WhiteTeam "Targoviste University"]
[BlackTeam "Arad Vados"]
[WhiteTeamCountry "ROU"]
[BlackTeamCountry "ROU"]

1. e4 e6 2. d4 d5 3. Nd2 Nf6 4. e5 Nfd7 5. Bd3 c5 6. c3 Nc6 7. Ne2 cxd4 8. cxd4 f6 9. Nf4 Nxd4 10. Qh5+ Ke7 11. Ng6+ hxg6 12. exf6+ Nxf6 13. Qxh8 Kf7 14. Qh4 e5 15. 0-0 Bf5 16. Bxf5 gxf5 17. Nb3 Nxb3 18. axb3 Qb6 19. Qh3 g6 20. Bg5 Bg7 21. Qd3 e4 22. Be3 Qd6 23. Qb5 b6 24. g3 Nd7 25. Rfd1 Nc5 26. Bxc5 bxc5 27. Qb7+ 1-0

[Event "ROM-chT2"]
[Site "Calimanesti"]
[Date "2014.11.08"]
[Round "1.5"]
[White "Ifrim, Silviu"]
[Black "Fulger, Ionut Alexandru"]
[Result "0-1"]
[WhiteElo "2128"]
[BlackElo "1978"]
[PlyCount "74"]
[EventDate "2014.11.08"]
[EventType "team-tourn"]
[EventRounds "9"]
[EventCountry "ROU"]
[SourceTitle "CBM 163 Extra"]
[Source "ChessBase"]
[SourceDate "2014.12.23"]
[SourceVersion "1"]
[SourceVersionDate "2014.12.23"]
[SourceQuality "1"]
[WhiteTeam "Arad Vados"]
[BlackTeam "Targoviste Chindia"]
[WhiteTeamCountry "ROU"]
[BlackTeamCountry "ROU"]

1. e4 c6 2. d4 d5 3. Nc3 dxe4 4. Nxe4 Bf5 5. Ng3 Bg6 6. h4 h6 7. Nf3 Nd7 8. h5 Bh7 9. Bd3 Bxd3 10. Qxd3 Ngf6 11. Bd2 e6 12. 0-0-0 c5 13. Kb1 Be7 14. Ne4 0-0 15. Nxf6+ Nxf6 16. Bc3 Qc7 17. Qe2 c4 18. Bd2 Nd5 19. c3 b5 20. Ne5 Rab8 21. Rc1 Rb6 22. Kc2 Ra6 23. a3 Qa5 24. Kd1 Qa4+ 25. Ke1 Qb3 26. Be3 Bxa3 27. bxa3 Nxc3 28. Qg4 f5 29. Qf3 Qb2 30. Rxc3 Qxc3+ 31. Bd2 Qxd4 32. Qg3 Rd6 33. Qc3 Qe4+ 34. Kd1 Rfd8 35. Nf3 Rd3 36. Qa5 c3 37. Re1 Rxd2+ 0-1

[Event "ROM-ch"]
[Site "Targu Mures"]
[Date "2014.04.28"]
[Round "4"]
[White "Bonte, Andrei Mihai"]
[Black "Ifrim, Silviu"]
[Result "1/2-1/2"]
[WhiteElo "2283"]
[BlackElo "2108"]
[PlyCount "89"]
[EventDate "2014.04.26"]
[EventType "swiss"]
[EventRounds "11"]
[EventCountry "ROU"]
[SourceTitle "CBM 160 Extra"]
[Source "ChessBase"]
[SourceDate "2014.07.01"]
[SourceVersion "1"]
[SourceVersionDate "2014.07.01"]
[SourceQuality "1"]

1. d4 Nf6 2. c4 g6 3. Nc3 d5 4. cxd5 Nxd5 5. e4 Nxc3 6. bxc3 Bg7 7. Nf3 c5 8. Be2 0-0 9. 0-0 Bg4 10. Be3 cxd4 11. cxd4 Nc6 12. d5 Na5 13. Rc1 b6 14. Bd4 Rc8 15. Bxg7 Kxg7 16. Qd4+ Kg8 17. e5 Bxf3 18. Bxf3 Nb7 19. h4 Rxc1 20. Rxc1 Nc5 21. h5 Kg7 22. g3 Qb8 23. Kg2 f6 24. d6 Qd8 25. Re1 e6 26. hxg6 hxg6 27. Rh1 fxe5 28. Qxe5+ Qf6 29. Qxf6+ Rxf6 30. Rd1 Rf8 31. Bc6 Rd8 32. f4 Kf6 33. Kf3 e5 34. fxe5+ Kxe5 35. d7 Ke6 36. Re1+ Kd6 37. Re8 Kc7 38. Kf4 Nxd7 39. Rxd8 Kxd8 40. Be4 Nf8 41. Ke5 Ke7 42. Kd5 Kf6 43. Kc6 Ne6 44. Kb5 g5 45. Bb1 1/2-1/2

[Event "ROM-ch"]
[Site "Baile Olanesti"]
[Date "2013.02.22"]
[Round "9"]
[White "Ciorica, Mihai Vlad"]
[Black "Ifrim, Silviu"]
[Result "0-1"]
[WhiteElo "1773"]
[BlackElo "2138"]
[PlyCount "184"]
[EventDate "2013.02.16"]
[EventType "swiss"]
[EventRounds "11"]
[EventCountry "ROU"]
[SourceTitle "CBM 153 Extra"]
[Source "ChessBase"]
[SourceDate "2013.04.22"]
[SourceVersion "1"]
[SourceVersionDate "2013.04.22"]
[SourceQuality "1"]

1. e4 e6 2. d4 d5 3. e5 b6 4. f4 Nh6 5. Nf3 Ba6 6. Bxa6 Nxa6 7. Qe2 Nb8 8. 0-0 Nf5 9. g4 Nh4 10. Nxh4 Qxh4 11. Qf3 h5 12. g5 f6 13. c3 Be7 14. Qg3 Qxg3+ 15. hxg3 fxg5 16. fxg5 g6 17. Be3 Nd7 18. Nd2 Nf8 19. Nf3 Nh7 20. Kg2 Kd7 21. Bf4 Rhf8 22. Rae1 b5 23. Ra1 Rab8 24. b4 a5 25. bxa5 Ra8 26. Rab1 Rxa5 27. Rf2 Rfa8 28. Rbb2 c6 29. Rfe2 Ra4 30. Rbc2 Bd8 31. Be3 Ba5 32. Nh4 Nf8 33. Bc1 Rc4 34. Bb2 Bd8 35. Bc1 Ba5 36. Bb2 Bb6 37. Bc1 b4 38. cxb4 Rxb4 39. a3 Rb3 40. Nf3 Ra4 41. Red2 Bd8 42. Rb2 Raxa3 43. Rxb3 Rxb3 44. Rc2 Bb6 45. Kf2 Kc7 46. Be3 Nd7 47. Ke2 Kb7 48. Kf2 Ba5 49. Nh4 Nf8 50. Ke2 Bc3 51. Ra2 Rb2+ 52. Rxb2+ Bxb2 53. Kd3 Kb6 54. Bd2 Kb5 55. Be1 c5 56. Bc3 Bc1 57. Nf3 Nh7 58. Bd2 c4+ 59. Kc2 Ba3 60. Nh4 Nf8 61. Nf3 Be7 62. Bc1 Ka4 63. Bd2 Bd8 64. Bc1 Ba5 65. Bb2 Kb4 66. Bc3+ Kb5 67. Bb2 Bb4 68. Bc1 Ka4 69. Bb2 Kb5 70. Bc1 Kc6 71. Bb2 Kd7 72. Bc3 Be7 73. Bd2 Ke8 74. Ba5 Nd7 75. Bc7 Kf7 76. Ba5 Nb8 77. Bc3 Nc6 78. Bd2 Bd8 79. Bc3 Ne7 80. Be1 Nf5 81. Bf2 Bb6 82. Kc3 Ba5+ 83. Kc2 Ke8 84. Nh4 Kf7 85. Nf3 Bb4 86. Kb2 Ne7 87. Kc2 Nc6 88. Be3 Ba5 89. Bd2 Bxd2 90. Kxd2 Nb4 91. Ne1 Nc6 92. Ng2 Nxd4 0-1

[Event "ROM-ch"]
[Site "Baile Olanesti"]
[Date "2013.02.21"]
[Round "8"]
[White "Ifrim, Silviu"]
[Black "Vrencian, Lehel"]
[Result "1/2-1/2"]
[WhiteElo "2138"]
[BlackElo "1934"]
[PlyCount "131"]
[EventDate "2013.02.16"]
[EventType "swiss"]
[EventRounds "11"]
[EventCountry "ROU"]
[SourceTitle "CBM 153 Extra"]
[Source "ChessBase"]
[SourceDate "2013.04.22"]
[SourceVersion "1"]
[SourceVersionDate "2013.04.22"]
[SourceQuality "1"]

1. e4 c5 2. Nf3 d6 3. d4 cxd4 4. Nxd4 Nf6 5. Nc3 a6 6. Bc4 b5 7. Bb3 e6 8. 0-0 Be7 9. a3 0-0 10. Kh1 Bd7 11. f4 Nc6 12. Be3 Qc7 13. f5 Nxd4 14. Bxd4 a5 15. Qf3 e5 16. Be3 b4 17. axb4 axb4 18. Ne2 h6 19. Ng3 Bb5 20. Nh5 Bxf1 21. Rxf1 Kh7 22. Qh3 Nxh5 23. Qxh5 Bf6 24. h4 Qe7 25. g3 Rac8 26. Rf2 Rc7 27. Kg2 Rh8 28. Rd2 Kg8 29. Qd1 Rc6 30. Bd5 Ra6 31. Bc4 Rc6 32. Bd5 Rc8 33. Kh3 Qc7 34. Bb3 Rd8 35. Qe2 Kf8 36. Qa6 Rd7 37. Ba4 Qb7 38. Rxd6 Qxa6 39. Rxa6 Rd8 40. Ra7 Be7 41. Bb3 Rh7 42. Kg2 g6 43. Kf3 g5 44. h5 Rc8 45. Rb7 Rg7 46. f6 Bxf6 47. Rxb4 g4+ 48. Ke2 Bg5 49. Rb6 Bxe3 50. Kxe3 Rg5 51. Rxh6 Kg7 52. Rb6 Rxh5 53. Rb7 Rf8 54. Kf2 Rh2+ 55. Kf1 Kg6 56. Rd7 Rh1+ 57. Kf2 Rb1 58. Ke2 Rxb2 59. Rd1 Rb8 60. Ke3 f6 61. Ra1 Kg5 62. Re1 Kg6 63. Ra1 Rb7 64. Re1 Kg7 65. Ra1 Rc7 66. Kd3 1/2-1/2